000 00764nam a2200253 i 4500
001 135363
003 ES-MaACL
005 20240221121719.0
007 t|
008 070717s1977 sp ||||1| spa d
080 _a940.42
080 _a943"1933/45"
080 _a92 Hitler, Adolf
100 1 _aToland, John.
_9110437
245 1 0 _aAdolf Hitler /
_cJohn Toland ; [traducción: Raul Eduardo Acuña].
260 _aMadrid :
_bCosmos,
_c[1977]
300 _a2 v. con 32 lám. ;
_c22 cm.
600 1 4 _aHitler, Adolf,
_d1889-1945
_963836
650 1 4 _aGuerra mundial, 1939-1945.
_913228
651 4 _aAlemania-
_xHistoria-
_y1933-1945.
_97663
700 1 _aAcuña, Raul Eduardo.
_918340
852 _aES-MaACL
_jA-7343-4
_bR.96646
999 _c135363
_d135363